000 02117nam a2200385 i 4500
001 in903120473
005 20260305150152.0
008 251222s2026 nyua 000 0aeng d
020 _a9780063463905
_q(hardback)
035 _a(OCoLC)1543516581
040 _aTnLvILS
_beng
_cTnLvILS
_erda
043 _an-us---
_an-us-pa
050 4 _aF155.3.S53
_bA3 2026
082 0 4 _a974.8/043
_aB
_223/eng/20251222
092 _abiography
_bShapiro, Josh
100 1 _aShapiro, Josh,
_eauthor.
_96560837
245 1 0 _aWhere we keep the light :
_bstories from a life of service /
_cJosh Shapiro.
250 _aFirst edition.
264 1 _aNew York, NY :
_bHarper, an imprint of HarperCollinsPublishers,
_c[2026]
300 _a272 pages :
_billustrations ;
_c23 cm
336 _atext
337 _aunmediated
338 _avolume
520 _a"From an early age, [Pennsylvania governor] Josh Shapiro learned and practiced the power of showing up, listening, and executing, to make people's lives a little better. In the pages of this account of his life, Shapiro relates ... stories about his family, his faith, and what matters to Americans tired of all the divisiveness and distrust in our leaders. Reflecting on what he's learned by knocking on doors, serving his community, and tackling the tough problems that no one wanted to touch in new and different ways, Shapiro reminds us that government can be a force for good, that conventional wisdom is rarely wise, and there's more that unites Americans than divides us"--
600 1 0 _aShapiro, Josh.
_96560837
600 1 0 _aShapiro, Josh
_xFamily.
_96560838
600 1 0 _aShapiro, Josh
_xReligion.
_96560839
650 0 _aGovernors
_zPennsylvania
_vBiography.
_96560840
650 0 _aPolitical culture
_zUnited States
_y21st century.
_95777281
651 0 _aPennsylvania
_xOfficials and employees
_vBiography.
_96560841
651 0 _aPennsylvania
_xPolitics and government
_y1951-
_96560842
651 0 _aUnited States
_xPolitics and government
_y2017-
_95717610
655 7 _aAutobiographies.
_2lcgft
942 _2ddc
_cBOOK
999 _c416366
_d416366